000 00479nam a2200181Ia 4500
005 20250326125740.0
008 250326s9999 xx 000 0 und d
037 _aTextbook
040 _aFMSL
_beng
_cFMSL
041 _aeng
_2eng
084 _aSNI N6
_qFMSL
100 _aPareek U
245 0 _aDirectory of behavioural research 1925-65
_cPareek U
260 _aDelhi
_bDelhi, B S C
_c1966
300 _a574p
942 _cTB
_hSNI N6
999 _c1279395
_d1279395